LEADER 02184nam0 2200469 i 450 001 VIA0074219 005 20231121125925.0 010 $a8885669824 020 $aIT$b99-10117 100 $a19990914d1999 ||||0itac50 ba 101 | $aita 102 $ait 181 1$6z01$ai $bxxxe 182 1$6z01$an 200 1 $a˜Il œnepotismo nel Medioevo$epapi, cardinali e famiglie nobili$fSandro Carocci 210 $aRoma$cViella$d1999 215 $a233 p., \1! c. di tav.$d21 cm. 225 | $a˜La œcorte dei papi$v4 410 0$1001IEI0117404$12001 $a˜La œcorte dei papi$v4 606 $aNepotismo$xSec. 12.-14.$2FIR$3RMLC413379$9I 606 $aAristocrazia$xRoma$xMedioevo$2FIR$3RMLC122914$9I 606 $aPapi$xNepotismo$xSec. 10.-16.$2FIR$3RMLC124507$9I 606 $aPapi$xNepotismo$xMedioevo$2FIR$3RMLC146975$9I 606 $aCardinali$xNepotismo$xMedioevo$2FIR$3RMLC146976$9I 676 $a262.13$9Papi e Patriarchi$v21 676 $a282.092$9CHIESA CATTOLICA ROMANA. PERSONE COLLEGATE CON IL SOGGETTO $v21 700 1$aCarocci$b, Sandro$3CFIV014428$4070$0441438 801 3$aIT$bIT-01$c19990914 850 $aIT-RM0290 $aIT-RM0313 $aIT-RM0418 $aIT-RM0459 $aIT-RM0211 $aIT-FR0084 $aIT-RM0151 $aIT-FR0017 899 $aBIBLIOTECA ANGELICA$bRM0290 899 $aBIBLIOTECA CASANATENSE$bRM0313 899 $aBIBLIOTECA ACCADEMIA NAZ. DEI LINCEI E CORSINIANA$bRM0418 899 $aARCHIVIO DI STATO DI ROMA$bRM0459 899 $aFondazione Marco Besso$bRM0211 899 $aBiblioteca Del Monumento Nazionale Di Montecassino$bFR0084 899 $aBiblioteca Istituto Storico Italiano Medio Evo - I$bRM0151 899 $aBiblioteca umanistica Giorgio Aprea$bFR0017 912 $aVIA0074219 950 0$aBiblioteca umanistica Giorgio Aprea$d 52COBAL C.M.398(4)$e 52VM 0000580175 VM barcode:SSBAL01548VM$fB $h20051117$i20121204 977 $a 06$a 07$a 10$a 12$a 14$a 25$a 41$a 52 996 $aNepotismo nel Medioevo$980205 997 $aUNICAS